| 000 | 00974nam a2200301 i 4500 | ||
|---|---|---|---|
| 003 | DO-SdBNP | ||
| 005 | 20240424142220.0 | ||
| 007 | ta | ||
| 008 | 091117s1997 dr a 000 0 spa d | ||
| 020 | _a8482610112 (cuaderno) | ||
| 040 |
_aDO-SdBNP _bspa _cBNPHU _erda |
||
| 082 |
_222 _bG216 |
||
| 100 | 1 |
_aGarcía de Escobar, Obdulia _96596 _eautora |
|
| 245 | 1 | 0 |
_aLengua española 2 : _beducación básica. / _cObdulia García de Escobar ; ilustraciones Ruddy Núñez |
| 250 | _a2a. edición | ||
| 264 | 1 |
_aSanto Domingo, : _bSantillana, _c1997. |
|
| 300 |
_a63 páginas _bilustraciones _c28 cm. |
||
| 336 |
_2rdacontent _atexto _btxt |
||
| 337 |
_2rdamedia _asin mediación _bn |
||
| 338 |
_2rdacarrier _avolumen _bnc |
||
| 490 | 1 | _aSantillana, básica | |
| 500 | _aEducación básica | ||
| 500 | _aLa biblioteca posee el cuaderno. | ||
| 590 | _aInventariado, 2024/ YL | ||
| 700 | 1 |
_aNúñez, Ruddy _eilustraciones _910209 |
|
| 910 | _aYLockward | ||
| 942 |
_2ddc _cLBS1 |
||
| 999 |
_c56490 _d56490 |
||